[Event "FICGS class A 000266 email"]
[Site "FICGS email"]
[Date "2023.02.24"]
[Round "1"]
[White "D Oliveira, Marcos Arruda"]
[Black "Ozen, Bahadir"]
[Result "0-1"]
[WhiteElo "2116"]
[BlackElo "2248"]
[PlyCount "30"]
[EventDate "2023.??.??"]
[EventType "tourn (corr)"]
[EventRounds "6"]
[SourceTitle "Corr 2024"]
[Source "ChessBase"]
[SourceDate "2023.10.19"]
[SourceVersion "1"]
[SourceVersionDate "2023.10.19"]
[SourceQuality "1"]

1. d4 d5 2. Nc3 Nf6 3. Bf4 e6 4. Nb5 Bb4+ 5. c3 Ba5 6. e3 a6 7. Na3 0-0 8. Nb1 Nbd7 9. Nf3 Nh5 10. Be5 g6 11. Nbd2 f6 12. Bg3 e5 13. dxe5 Nxg3 14. hxg3 Nxe5 15. b4 Bb6 0-1

[Event "FICGS class A 000266 email"]
[Site "FICGS email"]
[Date "2023.02.24"]
[Round "1"]
[White "Swiatek, Janusz"]
[Black "D Oliveira, Marcos Arruda"]
[Result "1-0"]
[WhiteElo "2199"]
[BlackElo "2116"]
[PlyCount "21"]
[EventDate "2023.??.??"]
[EventType "tourn (corr)"]
[EventRounds "6"]
[SourceTitle "Corr 2024"]
[Source "ChessBase"]
[SourceDate "2023.10.19"]
[SourceVersion "1"]
[SourceVersionDate "2023.10.19"]
[SourceQuality "1"]

1. d4 d5 2. c4 c6 3. Nc3 Nf6 4. e3 e6 5. Nf3 Nbd7 6. Bd3 dxc4 7. Bxc4 b5 8. Bd3 Bb7 9. e4 b4 10. Na4 c5 11. e5 1-0

[Event "FICGS rapid A 000292 email"]
[Site "FICGS email"]
[Date "2023.02.21"]
[Round "1"]
[White "D Oliveira, Marcos Arruda"]
[Black "Cleto Junior, Dirceu"]
[Result "0-1"]
[WhiteElo "2116"]
[BlackElo "2048"]
[PlyCount "38"]
[EventDate "2023.??.??"]
[EventType "tourn (rapid)"]
[EventRounds "6"]
[SourceTitle "Corr 2024"]
[Source "ChessBase"]
[SourceDate "2023.10.19"]
[SourceVersion "1"]
[SourceVersionDate "2023.10.19"]
[SourceQuality "1"]

1. d4 Nf6 2. c4 c5 3. d5 b5 4. cxb5 a6 5. bxa6 g6 6. Nc3 Bxa6 7. e4 Bxf1 8. Kxf1 d6 9. g3 Bg7 10. Kg2 0-0 11. Nf3 Qb6 12. a4 Na6 13. a5 Qb4 14. Qe2 Nc7 15. Ra4 Qb7 16. Bg5 Rfb8 17. Rb1 h6 18. Be3 Nd7 19. Bd2 h5 0-1

[Event "FICGS rapid A 000292 email"]
[Site "FICGS email"]
[Date "2023.02.21"]
[Round "1"]
[White "Ozen, Bahadir"]
[Black "D Oliveira, Marcos Arruda"]
[Result "1/2-1/2"]
[WhiteElo "2248"]
[BlackElo "2116"]
[PlyCount "41"]
[EventDate "2023.??.??"]
[EventType "tourn (rapid)"]
[EventRounds "6"]
[SourceTitle "Corr 2024"]
[Source "ChessBase"]
[SourceDate "2023.10.19"]
[SourceVersion "1"]
[SourceVersionDate "2023.10.19"]
[SourceQuality "1"]

1. d4 d5 2. c4 c6 3. Nf3 Nf6 4. e3 e6 5. Nbd2 Nbd7 6. Bd3 dxc4 7. Nxc4 b5 8. Nce5 Bb7 9. a4 a6 10. 0-0 Nxe5 11. Nxe5 Bd6 12. e4 0-0 13. Nf3 Be7 14. e5 Nd7 15. Be4 f5 16. exf6 Nxf6 17. Qb3 Nxe4 18. Qxe6+ Rf7 19. Qxe4 Bf6 20. Qe2 Qd5 21. Be3 1/2-1/2

[Event "FICGS rapid M 000142 email"]
[Site "FICGS email"]
[Date "2023.02.12"]
[Round "1"]
[White "D Oliveira, Marcos Arruda"]
[Black "Broekhuizen, A T S"]
[Result "0-1"]
[WhiteElo "2116"]
[BlackElo "2237"]
[PlyCount "32"]
[EventDate "2023.??.??"]
[EventType "tourn (rapid)"]
[EventRounds "6"]
[SourceTitle "Corr 2024"]
[Source "ChessBase"]
[SourceDate "2023.10.19"]
[SourceVersion "1"]
[SourceVersionDate "2023.10.19"]
[SourceQuality "1"]

1. d4 Nf6 2. Bf4 g6 3. Nc3 d5 4. Qd2 Bg7 5. Bh6 0-0 6. Bxg7 Kxg7 7. e3 Nbd7 8. h3 c6 9. g4 b5 10. g5 Ne8 11. h4 Nd6 12. f3 Rh8 13. h5 h6 14. hxg6 hxg5 15. Rxh8 Qxh8 16. gxf7 Qh4+ 0-1

[Event "FICGS rapid M 000142 email"]
[Site "FICGS email"]
[Date "2023.02.12"]
[Round "1"]
[White "D Oliveira, Marcos Arruda"]
[Black "Cirulis, Ilmars"]
[Result "0-1"]
[WhiteElo "2116"]
[BlackElo "2240"]
[PlyCount "42"]
[EventDate "2023.??.??"]
[EventType "tourn (rapid)"]
[EventRounds "6"]
[SourceTitle "Corr 2024"]
[Source "ChessBase"]
[SourceDate "2023.10.19"]
[SourceVersion "1"]
[SourceVersionDate "2023.10.19"]
[SourceQuality "1"]

1. d4 f5 2. Nf3 Nf6 3. g3 g6 4. Bg2 Bg7 5. 0-0 0-0 6. c4 d6 7. Nc3 Qe8 8. d5 Na6 9. Be3 Nc5 10. Nb5 Qd8 11. Rc1 Nce4 12. Nc3 Ng4 13. Nxe4 fxe4 14. Nd4 Nxe3 15. fxe3 Rxf1+ 16. Qxf1 Bd7 17. Bxe4 Qe8 18. h4 c5 19. Ne6 Qf7 20. Qf3 Qf6 21. Kg2 Qxb2 0-1

[Event "FICGS rapid M 000142 email"]
[Site "FICGS email"]
[Date "2023.02.12"]
[Round "1"]
[White "D Oliveira, Marcos Arruda"]
[Black "Ozen, Bahadir"]
[Result "1/2-1/2"]
[WhiteElo "2116"]
[BlackElo "2248"]
[PlyCount "49"]
[EventDate "2023.??.??"]
[EventType "tourn (rapid)"]
[EventRounds "6"]
[SourceTitle "Corr 2024"]
[Source "ChessBase"]
[SourceDate "2023.10.19"]
[SourceVersion "1"]
[SourceVersionDate "2023.10.19"]
[SourceQuality "1"]

1. d4 d5 2. Bf4 Nf6 3. Nc3 e6 4. Nb5 Bb4+ 5. c3 Ba5 6. Nf3 a6 7. Na3 Nbd7 8. e3 0-0 9. Nb1 Nh5 10. Bg5 f6 11. Bh4 g5 12. Bg3 f5 13. a4 Nxg3 14. hxg3 g4 15. b4 Bb6 16. a5 gxf3 17. axb6 fxg2 18. Bxg2 cxb6 19. Nd2 Qe7 20. Qb3 b5 21. Bf1 Nb6 22. Nf3 Bd7 23. Bd3 Be8 24. Kd2 Rf7 25. Rh6 1/2-1/2

[Event "OP-2023-0-05375"]
[Site "LSS email"]
[Date "2023.02.07"]
[Round "?"]
[White "Widelski, Kacper"]
[Black "D'Oliveira, Marcos Arruda"]
[Result "0-1"]
[WhiteElo "1867"]
[BlackElo "1669"]
[PlyCount "32"]
[EventDate "2023.01.30"]
[EventType "tourn (corr)"]
[EventRounds "4"]
[EventCountry "GER"]
[SourceTitle "Corr 2024"]
[Source "ChessBase"]
[SourceDate "2023.10.19"]
[SourceVersion "1"]
[SourceVersionDate "2023.10.19"]
[SourceQuality "1"]

1. d4 Nf6 2. Nf3 e6 3. c4 c5 4. d5 b5 5. dxe6 fxe6 6. cxb5 d5 7. Nc3 Nbd7 8. e4 d4 9. Nb1 Bb7 10. Bd3 Bxe4 11. Bxe4 Nxe4 12. 0-0 Ndf6 13. Re1 Qd5 14. Nbd2 Nxd2 15. Bxd2 Bd6 16. Qe2 Kd7 0-1

[Event "LSS No Engine Cup 217 Final"]
[Site "LSS email"]
[Date "2022.01.27"]
[Round "?"]
[White "D'Oliveira, Marcos Arruda"]
[Black "Vio, Mauro"]
[Result "0-1"]
[WhiteElo "1812"]
[BlackElo "2029"]
[PlyCount "42"]
[EventDate "2022.01.27"]
[EventType "tourn (corr)"]
[EventRounds "6"]
[EventCountry "GER"]
[SourceTitle "Corr 2024"]
[Source "ChessBase"]
[SourceDate "2023.10.19"]
[SourceVersion "1"]
[SourceVersionDate "2023.10.19"]
[SourceQuality "1"]

1. c4 c5 2. Nf3 Nc6 3. g3 g6 4. d4 cxd4 5. Nxd4 h5 6. Bg5 Bg7 7. Nxc6 dxc6 8. Qxd8+ Kxd8 9. Nc3 Bxc3+ 10. bxc3 h4 11. Rd1+ Ke8 12. Bf4 hxg3 13. Bxg3 Rh5 14. e3 Bg4 15. Be2 Bxe2 16. Kxe2 Nf6 17. Kd3 Ra5 18. Ra1 Rd8+ 19. Kc2 Ne4 20. f3 Rd2+ 21. Kc1 Raxa2 0-1